Medi social i cultural : cicle mitjà 3er : [educació primaria
Gespeichert in:
| 1. Verfasser: | |
|---|---|
| Weitere Verfasser: | |
| Format: | Buch |
| Sprache: | Katalanisch |
| Erschienen: |
Barcelona :
Cruïlla,
cop. 1993
|
| Katalog: | MANES: Suchergebnis im Bibliothekskatalog |
| Schulbuchspezifische Eigenschaften: |
|
| Tags: |
Tag hinzufügen
Keine Tags, Fügen Sie den ersten Tag hinzu!
|
| Hinzugefügt zu: | 23.10.2003 |
| Geändert in: | 20.05.2026 |
MARC
| LEADER | 00000nam a2200000 a 4500 | ||
|---|---|---|---|
| 001 | .b1220903 | ||
| 003 | ES-BaCBU | ||
| 005 | 20260520184510.0 | ||
| 008 | 031024s1993 spca b|l 000 ||cat|c | ||
| 020 | |a 8476297300 | ||
| 035 | |a 8476297300 |9 ES-BaUB001 |a 0785-01760 |9 ES-BaUB035 | ||
| 040 | |a ES-BaCBU |b cat |c ES-BaCBU |d ES-BaUB | ||
| 100 | 1 | |a Alonso, Anna |9 32891 | |
| 245 | 1 | 0 | |a Medi social i cultural : |b cicle mitjà 3er : [educació primaria / |c text de: Anna Alonso, Emili Rosales, Marta Ballester] |
| 260 | |a Barcelona : |b Cruïlla, |c cop. 1993 | ||
| 300 | |a 143 p.: |b il. col.; |c 29 cm | ||
| 505 | 8 | |a Conté: Llibre de text | |
| 546 | |a España | ||
| 561 | |5 es-CRAI |3 p1 TX EP 5/3 CRU |a España. Biblioteca Universitat de Barcelona |k MANES | ||
| 690 | 0 | |a CS | |
| 691 | 0 | |a PRI | |
| 700 | 1 | |a Rosales, Emili, |d 1968- |9 32892 |a Ballester, Marta |9 32893 | |
| 942 | |2 ddc |c BK | ||
| 999 | |c 89695 |d 89695 | ||
| 999 | |c manes:89695 |d 89695 | ||